[Event "Gibraltar Open"]
[Site "Caleta ENG"]
[Date "2012.01.24"]
[Round "1.113"]
[White "Thorell, Viktor"]
[Black "Candano Gonzalez, Alvaro"]
[Result "1-0"]
[WhiteElo "2046"]
[BlackElo "1647"]
[WhiteFideId "1715488"]
[BlackFideId "22232796"]
[EventDate "2012.01.24"]

1. Nf3 c5 2. e3 g6 3. d4 Bg7 4. c4 Nf6 5. Nc3 cxd4 6. exd4 d5 7. g3 O-O 8. Bg2
Bg4 9. h3 Be6 10. Ng5 Nc6 11. Be3 Qa5 12. Qe2 Ne4 13. Nxe4 dxe4 14. d5 Bxc3+ 15.
Kf1 Bg7 16. dxe6 f5 17. Kg1 Nd4 18. Bxd4 Bxd4 19. Kh2 Rad8 20. Rhd1 Rd6 21. f3
f4 22. Qxe4 fxg3+ 23. Kh1 Qb6 24. f4 Bxb2 25. Rab1 Rxd1+ 26. Rxd1 Ba3 27. Rf1
Qc5 28. Qd3 b6 29. Qxg3 Bb2 30. Bd5 Qd6 31. h4 Rf5 32. Be4 Rh5 33. Bxg6 Ra5 34.
Bf7+ 1-0

[Event "Gibraltar Open"]
[Site "Caleta ENG"]
[Date "2012.01.24"]
[Round "1.114"]
[White "Savage, Neil"]
[Black "Valhondo Morales, Ruben"]
[Result "0-1"]
[WhiteElo "1645"]
[BlackElo "2046"]
[WhiteFideId "14304783"]
[BlackFideId "22202692"]
[EventDate "2012.01.24"]

1. e4 c5 2. Nc3 e6 3. f4 Nc6 4. Nf3 d6 5. Bc4 a6 6. d3 b5 7. Bb3 Na5 8. O-O Nxb3
9. axb3 Bb7 10. Qe1 Ne7 11. Bd2 Qd7 12. f5 e5 13. Qf2 f6 14. Ne2 d5 15. Qh4
O-O-O 16. b4 c4 17. Be3 d4 18. Bd2 cxd3 19. cxd3 Nc6 20. Rfc1 Kb8 21. Qe1 Bd6
22. Qd1 g6 23. Ng3 Qf7 24. Rxc6 Bxc6 25. Rxa6 Kb7 26. Qa1 Ra8 0-1

[Event "Gibraltar Open"]
[Site "Caleta ENG"]
[Date "2012.01.24"]
[Round "1.115"]
[White "Isherwood, Paul"]
[Black "Kazmierczak, Ewa"]
[Result "1-0"]
[WhiteElo "2042"]
[BlackElo "1477"]
[WhiteFideId "410314"]
[BlackFideId "1154877"]
[EventDate "2012.01.24"]

1. e4 e6 2. d4 d5 3. Nd2 Nf6 4. Bd3 c5 5. c3 Nc6 6. Ngf3 a6 7. O-O cxd4 8. cxd4
Be7 9. e5 Nd7 10. Re1 Qb6 11. Nb3 a5 12. a4 Nf8 13. Bg5 Bb4 14. Re2 Ng6 15. h4
h5 16. Bxg6 fxg6 17. Qd3 Kf7 18. Rc1 Bd7 19. Nc5 Be8 20. Be3 Nd8 21. Bg5 Nc6 22.
Be3 Nd8 23. Rec2 Bxc5 24. Rxc5 Nc6 25. Ng5+ Ke7 26. Rb5 Qa6 27. Qc2 Rc8 28. Qc5+ 1-0

[Event "Gibraltar Open"]
[Site "Caleta ENG"]
[Date "2012.01.24"]
[Round "1.116"]
[White "Pollo Mancilla, Ricardo"]
[Black "Ungureanu, Sandu"]
[Result "0-1"]
[WhiteElo "1450"]
[BlackElo "2039"]
[WhiteFideId "22228446"]
[BlackFideId "1212311"]
[EventDate "2012.01.24"]

1. e4 e6 2. d4 d5 3. e5 c5 4. c3 Nc6 5. Nf3 Qb6 6. a3 a5 7. Bd3 Bd7 8. O-O cxd4
9. cxd4 Nxd4 10. Nxd4 Qxd4 11. Nc3 Be7 12. Nb5 Qxe5 13. Re1 Qb8 14. Qf3 f6 15.
Bf4 Qd8 16. Nc7+ Kf7 17. Nxa8 Qxa8 18. Qh5+ Kf8 19. Qe2 e5 20. Bg3 Nh6 21. Bxe5
fxe5 22. Qxe5 Qd8 23. Qxd5 Bc6 24. Qe6 Bd5 25. Qe3 Ng4 26. Qf4+ Nf6 27. Re3 Bc5
28. Re5 Qd6 29. Rae1 Kf7 30. Re7+ Qxe7 31. Rxe7+ Bxe7 32. Qc7 Rd8 33. h3 Be6 34.
Bb5 Rd1+ 35. Kh2 Rd2 36. Qxb7 Rxf2 37. Qb6 Rd2 38. Qxa5 Rxb2 39. Qc3 Rxb5 40. a4
Rb3 41. Qc7 Bd5 42. a5 Rb2 0-1

[Event "Gibraltar Open"]
[Site "Caleta ENG"]
[Date "2012.01.24"]
[Round "1.128"]
[White "Neumanova, Monika"]
[Black "Sos Andreu, Eric"]
[Result "1/2-1/2"]
[WhiteElo "1696"]
[BlackElo "2113"]
[WhiteFideId "323918"]
[BlackFideId "22247017"]
[EventDate "2012.01.24"]

1. d4 Nf6 2. c4 g6 3. Nc3 Bg7 4. e4 d6 5. f3 O-O 6. Be3 e5 7. d5 c6 8. Bd3 cxd5
9. cxd5 Nbd7 10. Nge2 a6 11. a3 Nh5 12. g4 Nf4 13. Nxf4 exf4 14. Bxf4 Ne5 15.
Be2 f5 16. gxf5 gxf5 17. Qd2 fxe4 18. fxe4 Qh4+ 19. Bg3 Qh3 20. Bf4 Qh4+ 21. Bg3
Qh3 22. Bf4 Qh4+ 23. Bg3 1/2-1/2

[Event "Gibraltar Open"]
[Site "Caleta ENG"]
[Date "2012.01.25"]
[Round "2.11"]
[White "Gallagher, Joseph G."]
[Black "Sargissian, Gabriel"]
[Result "0-1"]
[WhiteTitle "GM"]
[BlackTitle "GM"]
[WhiteElo "2505"]
[BlackElo "2683"]
[WhiteFideId "1303422"]
[BlackFideId "13300881"]
[EventDate "2012.01.24"]

1. e4 e5 2. Nf3 Nc6 3. Nc3 Nf6 4. Bb5 Bb4 5. O-O O-O 6. Bxc6 dxc6 7. Nxe5 Re8 8.
Nd3 Bxc3 9. dxc3 Nxe4 10. Qf3 Nd6 11. Bf4 Qh4 12. Rfe1 Bg4 13. Qg3 Qxg3 14. hxg3
Rad8 15. Kf1 f6 16. Rxe8+ Nxe8 17. f3 Bf5 18. Ke2 h5 19. Rh1 g5 20. Be3 Ng7 21.
Rd1 b6 22. Nb4 Rxd1 23. Kxd1 Bd7 24. Kd2 Kf7 25. b3 c5 26. Nd3 c4 27. Nb2 Be6
28. Bf2 Nf5 29. b4 Ke7 30. Nd1 Kd6 31. Ne3 Ng7 32. Nd1 c5 33. bxc5+ bxc5 34. Bg1
Kc6 35. Nf2 Bf5 36. Nd1 Ne8 37. Nb2 Nd6 38. Na4 Nb7 39. Nb2 Be6 40. Bf2 Kb5 41.
Be3 Nd6 42. Bf2 a5 43. Nd1 Nf7 44. Ne3 Ne5 45. Nd1 Nd7 46. Nb2 Ne5 47. Nd1 Ng6
48. Ke2 f5 49. Be3 f4 50. gxf4 gxf4 51. Bf2 Bf5 52. Kd2 h4 53. Nb2 a4 54. Nd1 a3
55. Be1 h3 56. gxh3 Ne5 57. Kc1 Nxf3 58. Bd2 Nxd2 59. Kxd2 Bxh3 60. Nf2 Bf5 61.
Kd1 Kc6 62. Kd2 Kd5 63. Kd1 Ke5 64. Kd2 0-1

[Event "Gibraltar Open"]
[Site "Caleta ENG"]
[Date "2012.01.25"]
[Round "2.13"]
[White "Baron, Tal"]
[Black "Short, Nigel D"]
[Result "0-1"]
[WhiteTitle "GM"]
[BlackTitle "GM"]
[WhiteElo "2498"]
[BlackElo "2677"]
[WhiteFideId "2809958"]
[BlackFideId "400025"]
[EventDate "2012.01.24"]

1. e4 e6 2. d4 d5 3. Nc3 Nf6 4. Bg5 dxe4 5. Nxe4 Be7 6. Bxf6 gxf6 7. Nf3 a6 8.
Qe2 b5 9. g3 Bb7 10. Bg2 Nd7 11. a4 O-O 12. O-O Bd5 13. Rfe1 b4 14. c4 bxc3 15.
bxc3 f5 16. Ned2 Bf6 17. c4 Bb7 18. Rab1 Rb8 19. Qe3 c5 20. d5 Re8 21. Bh3 Qc7
22. Qd3 Nf8 23. Re3 Rbd8 24. Rbe1 Re7 25. Qb1 Rde8 26. Qd3 Rd8 27. Qe2 Rde8 28.
Qd3 exd5 29. Qxf5 Rxe3 30. fxe3 Qd8 31. Bf1 d4 32. e4 Qe7 33. e5 Bg7 34. Bd3 Qe6
35. Qg5 Qh6 36. Qf5 Bc8 37. Qe4 Nd7 38. Qd5 Qh5 39. Ne4 Qxf3 40. Nf6+ Qxf6 41.
exf6 Rxe1+ 42. Kf2 Nxf6 43. Qxc5 Re8 44. Kg2 Bb7+ 45. Kh3 Ne4 46. Bxe4 Bxe4 47.
Qd6 d3 48. c5 Re6 49. Qd8+ Bf8 50. Kg4 Rc6 0-1

[Event "Gibraltar Open"]
[Site "Caleta ENG"]
[Date "2012.01.25"]
[Round "2.15"]
[White "Parligras, Mircea-Emilian"]
[Black "El Debs, Felipe de Cresce"]
[Result "1-0"]
[WhiteTitle "GM"]
[BlackTitle "GM"]
[WhiteElo "2650"]
[BlackElo "2497"]
[WhiteFideId "1204297"]
[BlackFideId "2106981"]
[EventDate "2012.01.24"]

1. e4 c6 2. d4 d5 3. Nc3 dxe4 4. Nxe4 Bf5 5. Ng3 Bg6 6. h4 h6 7. Nf3 Nd7 8. h5
Bh7 9. Bd3 Bxd3 10. Qxd3 e6 11. Bd2 Ngf6 12. O-O-O Be7 13. Kb1 O-O 14. Ne4 c5
15. g4 Nxg4 16. Qe2 Qb6 17. Rdg1 f5 18. Nh2 Nxh2 19. Nxc5 Nxc5 20. dxc5 Qc7 21.
Qxe6+ Kh8 22. Rxg7 Kxg7 23. Qxh6+ Kg8 24. Qg6+ Kh8 25. Bc3+ 1-0

[Event "Gibraltar Open"]
[Site "Caleta ENG"]
[Date "2012.01.25"]
[Round "2.17"]
[White "Muzychuk, Mariya"]
[Black "Gustafsson, Jan"]
[Result "1/2-1/2"]
[WhiteTitle "IM"]
[BlackTitle "GM"]
[WhiteElo "2483"]
[BlackElo "2643"]
[WhiteFideId "14114550"]
[BlackFideId "4625498"]
[EventDate "2012.01.24"]

1. e4 e5 2. Nf3 Nc6 3. d4 exd4 4. Nxd4 Nf6 5. Nc3 Bb4 6. Nxc6 bxc6 7. Bd3 d5 8.
exd5 cxd5 9. O-O O-O 10. Bg5 c6 11. Na4 h6 12. Bh4 Re8 13. c4 Bd6 14. Rc1 Bf4
15. Rc2 Qd6 16. Bg3 Bg4 17. Bxf4 Qxf4 18. Qc1 Qd4 19. Rd2 Qf4 20. Rc2 Qd4 21.
Rd2 Qf4 22. Rc2 Qd4 1/2-1/2

[Event "Gibraltar Open"]
[Site "Caleta ENG"]
[Date "2012.01.25"]
[Round "2.23"]
[White "Javakhishvili, Lela"]
[Black "Howell, David W L"]
[Result "0-1"]
[WhiteTitle "IM"]
[BlackTitle "GM"]
[WhiteElo "2454"]
[BlackElo "2603"]
[WhiteFideId "13601458"]
[BlackFideId "410608"]
[EventDate "2012.01.24"]

1. d4 e6 2. c4 b6 3. a3 g6 4. e4 Bg7 5. Nc3 Ne7 6. g3 Ba6 7. Nf3 O-O 8. h4 d5 9.
cxd5 exd5 10. Bxa6 Nxa6 11. e5 c5 12. Bg5 h6 13. Bf4 Nc7 14. Qd2 Ne6 15. O-O-O
Nxf4 16. gxf4 h5 17. dxc5 Rc8 18. Ng5 Rxc5 19. Ne4 Rc8 20. Nd6 Rc6 21. Kb1 Rxd6
22. exd6 Qxd6 23. Nxd5 Nxd5 24. Qxd5 Qxf4 25. f3 Qf6 26. Rh2 Re8 27. Qd7 Re7 28.
Qd3 Kh7 29. Rf1 Qf4 30. Qd2 Re3 31. Rhf2 Bf6 32. Rh1 Kg7 33. Qc1 a5 34. Ka2 Qd4
35. Rd2 Qa4 36. Qd1 Qc4+ 37. Kb1 Qf4 38. Rd3 Qf5 39. Kc2 Qc5+ 40. Kd2 Rxd3+ 41.
Kxd3 Qd4+ 42. Ke2 Qxb2+ 43. Qd2 Qxa3 44. Rb1 Qc5 45. Qc1 Qd6 46. Qc4 Bd4 47. Rd1
Qh2+ 48. Kd3 Bf6 49. Rb1 Qf2 50. Qc6 a4 51. Qxa4 Qxf3+ 52. Kd2 Qf2+ 53. Kd1 Bxh4
54. Qb5 Qd4+ 55. Ke2 Qe4+ 56. Kd1 Bf2 57. Rb4 Qe1+ 58. Kc2 Bc5 59. Rf4 Qe6 60.
Qb2+ f6 61. Qc3 g5 62. Ra4 Qe2+ 63. Kc1 Be3+ 0-1

[Event "Gibraltar Open"]
[Site "Caleta ENG"]
[Date "2012.01.25"]
[Round "2.24"]
[White "David, Alberto"]
[Black "Raznikov, Danny"]
[Result "1-0"]
[WhiteTitle "GM"]
[BlackTitle "IM"]
[WhiteElo "2598"]
[BlackElo "2436"]
[WhiteFideId "4000013"]
[BlackFideId "2811154"]
[EventDate "2012.01.24"]

1. d4 Nf6 2. c4 c5 3. d5 b5 4. cxb5 a6 5. e3 axb5 6. Bxb5 Qa5+ 7. Nc3 Bb7 8. Bd2
Qb6 9. Nf3 Nxd5 10. a4 e6 11. O-O Be7 12. e4 Nxc3 13. Bxc3 O-O 14. Ne5 d5 15.
exd5 exd5 16. Qg4 Qe6 17. Qf3 Ra7 18. Qg3 Bd6 19. Rae1 d4 20. Bd2 f6 21. Nd3
Bxg3 22. Rxe6 Bd5 23. Nxc5 Be5 24. f4 Bc7 25. Re2 Bb6 26. Nd3 Na6 27. a5 Bd8 28.
Rc1 Nc7 29. Bc4 Bxc4 30. Rxc4 Nb5 31. Bb4 1-0

[Event "Gibraltar Open"]
[Site "Caleta ENG"]
[Date "2012.01.25"]
[Round "2.25"]
[White "Hanley, Craig A"]
[Black "Koneru, Humpy"]
[Result "0-1"]
[WhiteTitle "IM"]
[BlackTitle "GM"]
[WhiteElo "2421"]
[BlackElo "2589"]
[WhiteFideId "408514"]
[BlackFideId "5008123"]
[EventDate "2012.01.24"]

1. d4 d5 2. c4 e6 3. Nf3 Nf6 4. g3 dxc4 5. Bg2 a6 6. O-O Nc6 7. Nc3 Rb8 8. e4
Be7 9. e5 Nd5 10. Ne4 b5 11. Bg5 h6 12. Bxe7 Qxe7 13. Qd2 Qb4 14. Qc1 Bb7 15.
Re1 Qe7 16. b3 Na5 17. Nfd2 Nb6 18. Nc5 Bxg2 19. Kxg2 Rd8 20. Re4 O-O 21. Nxa6
f5 22. exf6 Qxf6 23. Rf4 Qe7 24. Rxf8+ Rxf8 25. Qc3 Nc6 26. bxc4 bxc4 27. Nxc4
Qf6 28. Rf1 Nd5 29. Qd3 Nxd4 30. Nc5 Nf3 31. Qe4 Ng5 32. Qg4 Qc3 33. Nd7 Rf5 34.
h4 h5 35. Qe2 Nf4+ 0-1

[Event "Gibraltar Open"]
[Site "Caleta ENG"]
[Date "2012.01.25"]
[Round "2.27"]
[White "Fenollar Jorda, Manuel"]
[Black "Kulaots, Kaido"]
[Result "0-1"]
[WhiteTitle "FM"]
[BlackTitle "GM"]
[WhiteElo "2360"]
[BlackElo "2581"]
[WhiteFideId "2217104"]
[BlackFideId "4500261"]
[EventDate "2012.01.24"]

1. d4 Nf6 2. c4 e6 3. g3 d5 4. Bg2 dxc4 5. Qa4+ c6 6. Qxc4 b5 7. Qc2 Bb7 8. Nf3
Nbd7 9. O-O c5 10. Nc3 b4 11. Na4 Rc8 12. dxc5 Nxc5 13. Ne5 Bxg2 14. Kxg2 Ncd7
15. Nc4 Ne5 16. Rd1 Qc7 17. b3 Nxc4 18. bxc4 Be7 19. Be3 O-O 20. Rac1 h6 21. Kg1
Qa5 22. Qb3 Ng4 23. Bd4 Qh5 24. h4 Ne5 25. Bxe5 Qxe5 26. Rd7 Rc7 27. Rxc7 Qxc7
28. c5 Rb8 29. Rc4 a5 30. a3 bxa3 31. Qxa3 Qc6 32. Qf3 Qxf3 33. exf3 Rb4 34.
Rxb4 axb4 35. Kf1 b3 36. c6 Bd8 37. Ke2 Kf8 38. Kd3 Ke7 39. Nc5 b2 40. Kc2 Bb6
41. c7 Bxc7 42. Kxb2 Kd6 43. Nd3 Kd5 44. Kc2 h5 45. Kd2 e5 46. Ke3 Bd6 47. Ne1
f5 48. Nd3 Bc5+ 49. Ke2 Bd4 50. f4 e4 51. Ne1 Bc5 52. f3 Bb6 53. Nc2 Bc5 54. Ne1
Kc4 55. fxe4 fxe4 56. Nc2 Kd5 57. Na1 Kc4 58. Nc2 g6 59. Ne1 Kd5 60. Nc2 Ke6 61.
Na1 Kf5 62. Nb3 Bg1 63. Kf1 Ba7 64. Nc1 Kg4 65. Kg2 Bb6 66. Ne2 e3 67. f5 gxf5
68. Nf4 Bd4 0-1

[Event "Gibraltar Open"]
[Site "Caleta ENG"]
[Date "2012.01.25"]
[Round "2.29"]
[White "Zygouris, Hristos"]
[Black "Felgaer, Ruben"]
[Result "0-1"]
[BlackTitle "GM"]
[WhiteElo "2205"]
[BlackElo "2571"]
[WhiteFideId "4200292"]
[BlackFideId "107069"]
[EventDate "2012.01.24"]

1. c4 e5 2. g3 Nf6 3. Bg2 d5 4. cxd5 Nxd5 5. Nc3 Nb6 6. e3 Nc6 7. Nge2 Bf5 8.
O-O Bd3 9. f4 exf4 10. Rxf4 Bd6 11. Nd4 Bxf4 12. Nxc6 bxc6 13. Bxc6+ Kf8 14.
gxf4 Rb8 15. b3 h5 16. Ba3+ Kg8 17. Qf3 Rh6 18. Rc1 Ba6 19. d4 Rg6+ 0-1

[Event "Gibraltar Open"]
[Site "Caleta ENG"]
[Date "2012.01.25"]
[Round "2.30"]
[White "Ansell, Simon T"]
[Black "Shirov, Alexei"]
[Result "0-1"]
[WhiteTitle "IM"]
[BlackTitle "GM"]
[WhiteElo "2373"]
[BlackElo "2710"]
[WhiteFideId "402141"]
[BlackFideId "2209390"]
[EventDate "2012.01.24"]

1. e4 c5 2. d3 Nc6 3. f4 d5 4. Be2 e6 5. Nf3 Bd6 6. O-O Nge7 7. Na3 O-O 8. c3 f6
9. Qe1 a6 10. Nc2 Qc7 11. g3 b5 12. Bd1 c4 13. dxc4 bxc4 14. Ne3 Bc5 15. Bc2 Bb7
16. Kh1 dxe4 17. Bxe4 f5 18. Bc2 e5 19. Ng2 Ng6 20. Be3 Bxe3 21. Qxe3 exf4 22.
gxf4 Nce7 23. Rad1 Kh8 24. Rd4 Rae8 25. Qd2 Rd8 26. Bd1 Nc6 27. Rxd8 Rxd8 28.
Qe3 Nce7 29. Ng5 Nd5 30. Qh3 h6 31. Ne6 Ndxf4 32. Nxc7 Nxh3 0-1

[Event "Gibraltar Open"]
[Site "Caleta ENG"]
[Date "2012.01.25"]
[Round "2.31"]
[White "Lyrberg, Patrik"]
[Black "Iturrizaga, Eduardo"]
[Result "1-0"]
[WhiteTitle "IM"]
[BlackTitle "GM"]
[WhiteElo "2435"]
[BlackElo "2649"]
[WhiteFideId "1701975"]
[BlackFideId "3901211"]
[EventDate "2012.01.24"]

1. c4 c5 2. Nc3 g6 3. g3 Nc6 4. Bg2 Bg7 5. e3 Nh6 6. f4 d6 7. Nf3 e5 8. O-O exf4
9. gxf4 Nf5 10. Nd5 O-O 11. Rb1 a5 12. d3 Re8 13. a3 Nce7 14. Nc3 d5 15. Nb5 Bd7
16. e4 Bxb5 17. cxb5 Nd6 18. Ng5 h6 19. Nh3 Nxb5 20. f5 dxe4 21. fxg6 Nxg6 22.
Qb3 Qxd3 23. Qxf7+ Kh7 24. Nf4 Nxf4 25. Bxf4 Qd4+ 26. Kh1 Rad8 27. Bxh6 Nd6 28.
Bxg7 Qxg7 29. Qh5+ Kg8 30. Rg1 Re5 31. Qh4 Rg5 32. Bh3 Nf7 33. Be6 Kf8 34. Bxf7 1-0

[Event "Gibraltar Open"]
[Site "Caleta ENG"]
[Date "2012.01.25"]
[Round "2.35"]
[White "Chapman, Terry P D"]
[Black "Dzagnidze, Nana"]
[Result "0-1"]
[BlackTitle "GM"]
[WhiteElo "2253"]
[BlackElo "2535"]
[WhiteFideId "413399"]
[BlackFideId "13601903"]
[EventDate "2012.01.24"]

1. Nf3 c5 2. c4 Nc6 3. d4 cxd4 4. Nxd4 g6 5. e4 Bg7 6. Be3 Nf6 7. Nc3 d6 8. Be2
O-O 9. O-O Bd7 10. Qd2 Rc8 11. f3 a6 12. Rfd1 Ne5 13. b3 Nh5 14. Rac1 Nc6 15.
Nxc6 Bxc6 16. Nd5 Bxd5 17. cxd5 Qd7 18. Rxc8 Rxc8 19. Rc1 Nf6 20. Kf2 h5 21. Rc2
Kh7 22. b4 Bh6 23. Bxh6 Rxc2 24. Qxc2 Kxh6 25. h4 Qd8 26. Qd2+ Kh7 27. Qd4 Nd7
28. g3 Nb6 29. Ke3 Qc7 30. Kd2 Nd7 31. a4 a5 32. Qc3 Qd8 33. bxa5 Nc5 34. Qb4
Qc8 35. Bf1 f5 36. Bh3 Qg8 37. Ke3 fxe4 38. fxe4 Qg7 39. Qd4 Qh6+ 40. Kf2 Qc1
41. Bg2 Qb1 42. Bf3 Nd3+ 43. Ke2 Qc2+ 44. Ke3 Nc5 45. Be2 Qb1 46. Kf4 e5+ 0-1

[Event "Gibraltar Open"]
[Site "Caleta ENG"]
[Date "2012.01.25"]
[Round "2.37"]
[White "Kanep, Meelis"]
[Black "Dolgova, Olga"]
[Result "1/2-1/2"]
[WhiteTitle "GM"]
[BlackTitle "WIM"]
[WhiteElo "2509"]
[BlackElo "2206"]
[WhiteFideId "4501047"]
[BlackFideId "4158296"]
[EventDate "2012.01.24"]

1. d4 d5 2. c4 c6 3. Nf3 Nf6 4. e3 Bg4 5. h3 Bh5 6. Nc3 e6 7. g4 Bg6 8. Ne5 dxc4
9. Nxg6 hxg6 10. Bxc4 Nbd7 11. Bd2 Qc7 12. Qf3 Nb6 13. Bb3 O-O-O 14. O-O-O g5
15. Kb1 Nfd5 16. Ne2 Qe7 17. e4 Nc7 18. Qe3 f6 19. f4 gxf4 20. Nxf4 Qe8 21. a4
Kb8 22. Bc3 g5 23. Nh5 Qg6 24. Ka1 Be7 25. Rhf1 Rhf8 26. Rf2 Rde8 27. Rdf1 Nd7
28. Qg3 Kc8 29. d5 cxd5 30. exd5 e5 31. Bc2 Qf7 32. Rd2 Bd6 33. Qf3 Rd8 34. Ng3
Ne8 35. Ne4 Qe7 36. Ba5 b6 37. Bc3 Kb8 38. Ng3 Nc5 39. Nf5 Qd7 40. Qd1 Rc8 41.
Rdf2 Rh8 42. Ng3 Rxh3 43. Bf5 Qb7 44. Bxc8 Qxc8 45. Nf5 Qa6 46. Nxd6 Nxa4 47.
Qe2 Rd3 48. Kb1 Nxc3+ 49. bxc3 Nxd6 50. Rxf6 Qb5+ 51. Ka1 Qxd5 52. Qa2 Rd1+ 53.
Rxd1 Qxd1+ 54. Qb1 Qa4+ 55. Qa2 Qd1+ 56. Qb1 Qa4+ 1/2-1/2

[Event "Gibraltar Open"]
[Site "Caleta ENG"]
[Date "2012.01.25"]
[Round "2.38"]
[White "Soumya, Swaminathan"]
[Black "Womacka, Mathias"]
[Result "1/2-1/2"]
[WhiteTitle "WGM"]
[BlackTitle "GM"]
[WhiteElo "2280"]
[BlackElo "2455"]
[WhiteFideId "5016193"]
[BlackFideId "4611390"]
[EventDate "2012.01.24"]

1. e4 c5 2. Nf3 d6 3. d4 cxd4 4. Nxd4 Nf6 5. Nc3 a6 6. Bg5 e6 7. f4 Qb6 8. Qd2
Qxb2 9. Rb1 Qa3 10. e5 h6 11. Bh4 dxe5 12. fxe5 Nd5 13. Nxd5 exd5 14. Rb3 Qa4
15. e6 Bxe6 16. Qf4 g5 17. Qe5 Nc6 18. Nxc6 Qxh4+ 19. Kd1 Rg8 20. Rxb7 Qf4 21.
Qe1 Ba3 22. Rb1 Rc8 23. Ne5 Kf8 24. Bxa6 Qd4+ 25. Bd3 Kg7 26. Rb3 Bd6 27. Nf3
Bg4 28. Qd2 Bf4 29. Qb4 Qe3 30. Re1 Bxf3+ 31. gxf3 Qxf3+ 32. Re2 Rge8 33. Qd4+
Re5 34. Qf2 Qh1+ 35. Qe1 Qxe1+ 36. Kxe1 Bxh2 37. Rxe5 Bxe5 38. Rb5 Bc3+ 39. Kf2
Rc5 40. Rxc5 Bd4+ 41. Kf3 Bxc5 42. Kg4 Kf6 43. Kh5 Ke5 44. Kxh6 g4 45. Kg5 g3
46. Bf1 f5 47. Kh4 Kf4 48. Bg2 d4 49. a4 Bd6 50. a5 Ke3 51. a6 Bb8 52. a7 Bxa7
53. Kxg3 Bb8+ 54. Kh4 Kd2 55. Kg5 f4 56. Be4 Ke3 57. Bd3 f3 58. Kg4 Bc7 59. Bb5
f2 60. Bd3 Kd2 61. Kf3 Ke1 62. Kg2 Bd6 1/2-1/2

[Event "Gibraltar Open"]
[Site "Caleta ENG"]
[Date "2012.01.25"]
[Round "2.41"]
[White "Thingstad, Even"]
[Black "Gupta, Abhijeet"]
[Result "0-1"]
[BlackTitle "GM"]
[WhiteElo "2219"]
[BlackElo "2652"]
[WhiteFideId "1506439"]
[BlackFideId "5010608"]
[EventDate "2012.01.24"]

1. d4 Nf6 2. c4 e6 3. Nc3 Bb4 4. Qc2 O-O 5. a3 Bxc3+ 6. Qxc3 d6 7. f3 Qe8 8. e4
e5 9. Be3 b6 10. d5 a5 11. b4 Nh5 12. g4 Nf4 13. h4 c6 14. Bxb6 cxd5 15. cxd5
Ba6 16. Bxa6 Nxa6 17. Nh3 axb4 18. axb4 Qb5 19. Nxf4 exf4 20. Bd4 Rfc8 21. Qd2
Nxb4 22. Kf2 Rxa1 23. Rxa1 h5 24. Kg1 Nc2 25. Rc1 hxg4 26. fxg4 Qa4 27. Qd3 Rc4
28. Bf2 Qb4 29. e5 Rc3 30. Qf5 Nd4 31. Rb1 Rc1+ 32. Rxc1 Nxf5 33. gxf5 dxe5 34.
Rd1 Qb3 35. Rd2 Qc3 36. Rd1 Qc2 0-1

[Event "Gibraltar Open"]
[Site "Caleta ENG"]
[Date "2012.01.25"]
[Round "2.43"]
[White "Spence, David J"]
[Black "Cernousek, Lukas"]
[Result "1-0"]
[BlackTitle "IM"]
[WhiteElo "2213"]
[BlackElo "2438"]
[WhiteFideId "407429"]
[BlackFideId "311707"]
[EventDate "2012.01.24"]

1. e4 e6 2. d4 d5 3. Nc3 Bb4 4. e5 c5 5. a3 Bxc3+ 6. bxc3 Qa5 7. Bd2 Qa4 8. Qb1
c4 9. Nf3 Nc6 10. g3 Nge7 11. h4 Bd7 12. Bh3 O-O-O 13. O-O Rdf8 14. Kg2 Kb8 15.
Qb2 Nc8 16. h5 h6 17. Rab1 Nb6 18. Nh4 Ne7 19. Qc1 Qc6 20. f4 g6 21. f5 exf5 22.
Bxh6 Re8 23. Bf4 Be6 24. hxg6 fxg6 25. Nf3 Rh5 26. Ng5 Reh8 27. Rh1 Nd7 28. Qb2
Nf8 29. Qb4 Nc8 30. Kf2 Ka8 31. Bg2 Rxh1 32. Rxh1 Rg8 33. Rb1 Bd7 34. Qxb7+ Qxb7
35. Rxb7 1-0

[Event "Gibraltar Open"]
[Site "Caleta ENG"]
[Date "2012.01.25"]
[Round "2.45"]
[White "Zhukova, Natalia"]
[Black "Groffen, Hans"]
[Result "1-0"]
[WhiteTitle "GM"]
[WhiteElo "2426"]
[BlackElo "2204"]
[WhiteFideId "14101513"]
[BlackFideId "1004140"]
[EventDate "2012.01.24"]

1. e4 e6 2. d4 d5 3. Nd2 Nf6 4. e5 Nfd7 5. Bd3 c5 6. c3 Nc6 7. Ne2 cxd4 8. cxd4
f6 9. exf6 Nxf6 10. O-O Bd6 11. Nf3 Qc7 12. Bg5 O-O 13. Rc1 h6 14. Bh4 Bd7 15.
Bb1 Be8 16. Bg3 Bxg3 17. hxg3 g5 18. Ne5 Qg7 19. Nxc6 Bxc6 20. Nc3 Rae8 21. b4
Re7 22. a4 Be8 23. Qd3 Bf7 24. Rfe1 Rfe8 25. Nb5 b6 26. Nd6 Ne4 27. Nxe8 Bxe8
28. Qe3 1-0

[Event "Gibraltar Open"]
[Site "Caleta ENG"]
[Date "2012.01.25"]
[Round "2.48"]
[White "Weeramantry, Sunil"]
[Black "Astaneh Lopez, Alex"]
[Result "1/2-1/2"]
[WhiteTitle "FM"]
[BlackTitle "IM"]
[WhiteElo "2183"]
[BlackElo "2414"]
[WhiteFideId "9900055"]
[BlackFideId "2501430"]
[EventDate "2012.01.24"]

1. e4 c6 2. d4 d5 3. exd5 cxd5 4. Bd3 Nf6 5. c3 Nc6 6. Bf4 Bg4 7. Qb3 Qc8 8. Nd2
e6 9. Ngf3 Be7 10. O-O O-O 11. Qc2 Bh5 12. Ne5 Bd6 13. Rae1 Qc7 14. Re3 Bg6 15.
Nxg6 hxg6 16. Bxd6 Qxd6 17. f4 Rfc8 18. Qd1 Ne7 19. Rh3 Rab8 20. Nf3 b5 21. Ne5
Kf8 22. g4 b4 23. g5 Nfg8 24. Qa4 Rc7 25. Bb5 Nc8 26. Bd3 Nce7 27. Bb5 1/2-1/2

[Event "Gibraltar Open"]
[Site "Caleta ENG"]
[Date "2012.01.25"]
[Round "2.50"]
[White "Boesch, Dirk"]
[Black "Dukaczewski, Piotr"]
[Result "1/2-1/2"]
[BlackTitle "IM"]
[WhiteElo "2131"]
[BlackElo "2344"]
[WhiteFideId "4670639"]
[BlackFideId "1103520"]
[EventDate "2012.01.24"]

1. d4 d5 2. c4 dxc4 3. Nf3 Nf6 4. e3 e6 5. Nc3 a6 6. a4 c5 7. Bxc4 Nc6 8. O-O
Be7 9. Qe2 cxd4 10. Rd1 e5 11. h3 O-O 12. exd4 exd4 13. Bf4 Bc5 14. Ne5 Nxe5 15.
Bxe5 Bf5 16. Qf3 Bg6 17. Nd5 Nxd5 18. Qxd5 Qxd5 19. Bxd5 Rfd8 20. Bxb7 Ra7 21.
Rac1 Bf8 22. Rc8 Rxc8 23. Bxc8 d3 24. f4 Be4 25. Bc3 Ra8 26. Bg4 f5 27. Bf3 Re8
28. Re1 Kf7 29. Bd1 Bc5+ 30. Kf1 Rb8 31. Bf3 Rd8 32. Bd2 Re8 33. Bd1 Bd4 34. b4
Rc8 35. Bb3+ Ke7 36. Bd5 Kd6 37. Bxe4 fxe4 38. Rxe4 Kd5 39. Re7 Rc2 40. Ke1 Ra2
41. Rd7+ Ke4 42. Re7+ Kf5 43. g4+ Kf6 44. Rc7 Ra1+ 45. Rc1 Rxa4 46. Bc3 Bxc3+
47. Rxc3 Rxb4 48. Rc6+ Kf7 49. Rc7+ Ke6 50. Rxg7 Rxf4 51. Rxh7 Ke5 52. Rd7 Ke4
53. Re7+ Kd4 54. Rd7+ Kc3 55. Rc7+ Kb4 56. Rd7 Rf3 57. Kd2 Rxh3 58. Rxd3 Rh2+
59. Ke3 a5 60. Kf4 a4 61. Rd1 a3 62. Ra1 Kb3 63. g5 Kb2 64. Rxa3 Kxa3 65. Ke5
Kb4 66. g6 Kc5 67. Ke6 Re2+ 68. Kf7 Rf2+ 1/2-1/2